| 000 | 00438cam a2200181ua 4500 | ||
|---|---|---|---|
| 001 | 5028 | ||
| 005 | 20260515113827.0 | ||
| 008 | 120303n ii |||gr||||Z||||||eng | ||
| 040 | _cMAIN | ||
| 082 | _a822 | ||
| 100 |
_aTourneur, Cyril, _eAuthor, |
||
| 245 | 1 | 1 |
_aRevenger`s tragedy _cby Cyril Tourneur |
| 250 | _a1st. | ||
| 260 |
_aDibrugarh: _bSarada Prakashan, _c2009. |
||
| 300 |
_a80p: _c23cm. |
||
| 653 | _aEnglish drama | ||
| 942 | _cBK | ||
| 999 |
_c4208 _d4208 |
||